<?xml version="1.0" encoding="UTF-8"?>
<record
    xmlns:xsi="http://www.w3.org/2001/XMLSchema-instance"
    xsi:schemaLocation="http://www.loc.gov/MARC21/slim http://www.loc.gov/standards/marcxml/schema/MARC21slim.xsd"
    xmlns="http://www.loc.gov/MARC21/slim">

  <leader>012710000a22002170004500</leader>
  <datafield tag="020" ind1=" " ind2=" ">
    <subfield code="a">84-301-0629-4</subfield>
  </datafield>
  <datafield tag="041" ind1="0" ind2=" ">
    <subfield code="a">SPA</subfield>
  </datafield>
  <datafield tag="082" ind1="0" ind2="4">
    <subfield code="a">G 173 B4538s</subfield>
  </datafield>
  <datafield tag="100" ind1="1" ind2=" ">
    <subfield code="a">Beltr&#xE1;o, Pedro</subfield>
  </datafield>
  <datafield tag="245" ind1="1" ind2="0">
    <subfield code="a">Sociolog&#xED;a de la familia contempor&#xE1;nea / Pedro Beltr&#xE1;o ; Valeriano Ba&#xED;llo Ruiz, Traducci&#xF3;n y adaptaci&#xF3;n castellana</subfield>
  </datafield>
  <datafield tag="260" ind1=" " ind2=" ">
    <subfield code="a">Salamanca, Espa&#xF1;a : S&#xED;gueme</subfield>
  </datafield>
  <datafield tag="300" ind1=" " ind2=" ">
    <subfield code="a">190 Pag.</subfield>
  </datafield>
  <datafield tag="500" ind1=" " ind2=" ">
    <subfield code="a">T&#xED;tulo original : Sociologia della famiglia contemporanea</subfield>
  </datafield>
  <datafield tag="505" ind1="0" ind2="0">
    <subfield code="a">&#xBF;Hacia d&#xF3;nde va la familia? -- familia y matrimonio. Estructuras y funciones familiares -- el cambio social en el matrimonio y la familia --  el matrimonio y la familia ante el desarrollo de la sociedad contempor&#xE1;nea -- transmisi&#xF3;n demogr&#xE1;fica y funci&#xF3;n procreadora de la familia -- la familia en la movilidad de la sociedad terciaria y cuaternaria -- la promoci&#xF3;n de la mujer en la sociedad y en la familia -- inestabilidad estructural de la familia moderna -- problem&#xE1;tica social de la regulaci&#xF3;n de los nacimientos -- el espacio vital de la familia -- preparaci&#xF3;n para la vida matrimonial -- familia y sociedad</subfield>
  </datafield>
  <datafield tag="650" ind1="1" ind2="4">
    <subfield code="a">FAMILIA</subfield>
  </datafield>
  <controlfield tag="001">952</controlfield>
  <datafield tag="942" ind1=" " ind2=" ">
    <subfield code="c">BK</subfield>
  </datafield>
  <datafield tag="952" ind1=" " ind2=" ">
    <subfield code="0">0</subfield>
    <subfield code="1">0</subfield>
    <subfield code="4">0</subfield>
    <subfield code="7">0</subfield>
    <subfield code="8">GEN</subfield>
    <subfield code="a">FUSBC</subfield>
    <subfield code="b">FUSBC</subfield>
    <subfield code="d">2004-09-29</subfield>
    <subfield code="l">3</subfield>
    <subfield code="o">G 173 B4538s </subfield>
    <subfield code="p">634</subfield>
    <subfield code="r">2024-05-31 00:00:00</subfield>
    <subfield code="s">2024-05-28</subfield>
    <subfield code="t">1</subfield>
    <subfield code="w">2016-01-26</subfield>
    <subfield code="y">BK</subfield>
    <subfield code="B">0</subfield>
    <subfield code="C">3</subfield>
  </datafield>
  <datafield tag="999" ind1=" " ind2=" ">
    <subfield code="c">32344</subfield>
    <subfield code="d">32344</subfield>
  </datafield>
  <datafield tag="336" ind1=" " ind2=" ">
    <subfield code="a">texto</subfield>
    <subfield code="b">txt</subfield>
    <subfield code="2">rdacontent</subfield>
  </datafield>
  <datafield tag="337" ind1=" " ind2=" ">
    <subfield code="2">rdamedia</subfield>
    <subfield code="a">sin mediaci&#xF3;n</subfield>
    <subfield code="b">n</subfield>
  </datafield>
  <datafield tag="338" ind1=" " ind2=" ">
    <subfield code="2">rdacarrier</subfield>
    <subfield code="a">volumen</subfield>
    <subfield code="b">nc</subfield>
  </datafield>
</record>
